| Поле | Инд. | ПП | Название | Значение |
|---|---|---|---|---|
| Тип записи | a | |||
| Библиографический уровень | s | |||
| 001 | Контрольный номер | cb692cec0c2b40ed9e6629ab14c546f3 | ||
| 005 | Дата корректировки | 20230110135521.1 | ||
| 011 | a | ISSN | 1812-383X | |
| 102 | a | Страна публикации | ru | |
| 200 | 1_ | a | Заглавие | Арбитражный и гражданский процесс |
| b | Общее обозначение материала | Текст | ||
| e | Сведения, относящиеся к заглавию | Научно практический журнал | ||
| 203 | c | Тип средства | непосредственный | |
| 210 | 1_ | d | Дата издания | 2021 |
| a | Место издания | Москва | ||
| c | Издательство | Издательская группа "Юрист" | ||
| 318 | a | Действие | (Дата размещения 11.01.2021) | |
| 326 | a | Примечания о периодичности (серийного издания) | Ежемес. | |
| 330 | a | Аннотация | Журнал посвящен рассмотрению вопросов, возникающих в производстве в суде первой инстанции, исковом производстве, а также исследованию вопросов производства по делам, возникающим из административных и иных публичных правоотношений. Издание предназначено для исследования особенности производства в судах и по различным категориям дел. | |
| 801 | _0 | a | Страна | RU |
| b | Организация | КФ РГУП | ||
| c | Дата составления | 20210111 | ||
| g | Правила каталогизации | PSBO | ||
| 801 | _1 | a | Страна | RU |
| b | Организация | КФ РГУП | ||
| c | Дата составления | 20210111 | ||
| g | Правила каталогизации | PSBO | ||
| 901 | t | Тип документа | u | |
| 905 | a | Дата ввода | 20230110 |